[Event "29th Czech Open A 2018"]
[Site "Pardubice CZE"]
[Date "2018.07.21"]
[EventDate "?"]
[Round "2.41"]
[Result "0-1"]
[White "Janne Mertanen"]
[Black "D Gukesh"]
[WhiteElo "2292"]
[BlackElo "2433"]
[PlyCount "62"]

1. d4 Nf6 2. c4 g6 3. Nc3 Bg7 4. e4 d6 5. Nf3 O-O 6. Be2 Na6 7. O-O e5 8. Be3 Qe8 9. dxe5 dxe5 10. Nd2 Be6 11. a3 c6 12. b4 Qe7 13. h3 Rfd8 14. Qc2 Ne8 15. Rad1 Nac7 16. Nb3 b6 17. c5 Bxb3 18. Qxb3 b5 19. a4 a6 20. Rxd8 Rxd8 21. Rd1 Ne6 22. Rxd8 Qxd8 23. axb5 axb5 24. Qa2 Nd4 25. Bd1 Nc7 26. Qa5 Nde6 27. Bc2 Bf6 28. Qb6 Qa8 29. Kh2 Bd8 30. Qa5 Qxa5 31. bxa5 Na6 0-1

[Event "29th Czech Open A 2018"]
[Site "Pardubice CZE"]
[Date "2018.07.22"]
[EventDate "?"]
[Round "3.7"]
[Result "0-1"]
[White "D Gukesh"]
[Black "Viacheslav V Zakhartsov"]
[WhiteElo "2433"]
[BlackElo "2539"]
[PlyCount "120"]

1. Nf3 c5 2. g3 Nc6 3. Bg2 e5 4. e4 g6 5. O-O Bg7 6. d3 Nge7 7. Na3 d6 8. c3 O-O 9. Be3 h6 10. d4 exd4 11. cxd4 d5 12. dxc5 dxe4 13. Nd2 Nd5 14. Nxe4 Nxe3 15. fxe3 Bxb2 16. Nc4 Bxa1 17. Qxa1 f5 18. Ned6 Be6 19. Ne5 Qf6 20. Nxc6 bxc6 21. Qxf6 Rxf6 22. Bxc6 Rb8 23. e4 Rb2 24. Bb7 Bxa2 25. e5 Re6 26. c6 Rc2 27. Re1 Bd5 28. Nb5 Rg2+ 29. Kf1 Rxh2 30. Re3 Bxc6 31. Nd4 Rxe5 32. Rxe5 Bxb7 33. Re7 Rb2 34. Ne6 a5 35. Rg7+ Kh8 36. Rf7 g5 37. Rxf5 Ba6+ 38. Kg1 Bc4 39. Nd4 a4 40. Ra5 Ra2 41. Rc5 Bf7 42. Rc6 Ra1+ 43. Kf2 a3 44. Rxh6+ Kg8 45. Ra6 a2 46. Ra8+ Kg7 47. Ra7 Rb1 48. Ne6+ Kf6 49. Rxa2 Bxe6 50. Rd2 Rb3 51. Kg2 Kf5 52. Rd4 Rb2+ 53. Kg1 Ke5 54. Ra4 Bd5 55. Kf1 Bc6 56. Rg4 Kf5 57. Rd4 Rc2 58. Rb4 Rc4 59. Rb3 Kg4 60. Kg1 Rc2 0-1

[Event "29th Czech Open A 2018"]
[Site "Pardubice CZE"]
[Date "2018.07.23"]
[EventDate "?"]
[Round "4.46"]
[Result "0-1"]
[White "Daniel Kozusek"]
[Black "D Gukesh"]
[WhiteElo "2302"]
[BlackElo "2433"]
[PlyCount "116"]

1. d4 Nf6 2. c4 g6 3. g3 Bg7 4. Bg2 O-O 5. Nc3 d6 6. Nf3 c6 7. e4 e5 8. h3 Re8 9. d5 cxd5 10. cxd5 Bd7 11. O-O b5 12. a3 a5 13. Be3 Na6 14. Nd2 Qb8 15. Re1 Rc8 16. Nb3 a4 17. Nc1 Nc5 18. N1a2 Nb3 19. Rb1 Na5 20. Bf1 Nc4 21. Bg5 h6 22. Bc1 Qa7 23. Kg2 Be8 24. Bxc4 Rxc4 25. Be3 Qc7 26. f3 Nh5 27. Qd2 Kh7 28. Qd3 Rc8 29. Rbc1 Bd7 30. Nb4 Qb7 31. Bf2 R8c7 32. Rh1 Qc8 33. Bb6 Rb7 34. Bf2 Rbc7 35. Bb6 Rb7 36. Bf2 Qd8 37. Ne2 f5 38. Rxc4 bxc4 39. Qxc4 Bb5 40. Qc2 Rf7 41. Nc3 Bd7 42. Nc6 Qf6 43. Nxa4 Qg5 44. h4 Nf4+ 45. Kf1 Qh5 46. Qd1 g5 47. gxf4 fxe4 48. Nc3 Rxf4 49. Nxe4 g4 50. Qc2 Kh8 51. Ng3 Qf7 52. Nd8 Qxd5 53. Ne4 gxf3 54. Ng5 hxg5 55. hxg5+ Kg8 56. Be3 f2 57. Qh7+ Kf8 58. Bxf4 Qf3 0-1

[Event "29th Czech Open A 2018"]
[Site "Pardubice CZE"]
[Date "2018.07.24"]
[EventDate "?"]
[Round "5.14"]
[Result "0-1"]
[White "D Gukesh"]
[Black "Das Debashis"]
[WhiteElo "2433"]
[BlackElo "2529"]
[PlyCount "84"]

1. e4 c5 2. Nf3 d6 3. d4 Nf6 4. Nc3 cxd4 5. Nxd4 e6 6. g3 Nc6 7. Bg2 Bd7 8. Be3 Be7 9. a4 O-O 10. O-O Nxd4 11. Bxd4 Bc6 12. a5 Nd7 13. a6 b5 14. Nd5 Bxd5 15. exd5 e5 16. Be3 Bg5 17. Bxg5 Qxg5 18. Qe2 Rab8 19. b4 Rfc8 20. Bh3 Qe7 21. Ra5 Rc4 22. Rb1 Nb6 23. Rxb5 Qc7 24. Rc1 Rc3 25. Qd2 g6 26. Bf1 e4 27. Ra5 Re8 28. Bb5 e3 29. Qe2 Re4 30. Bc6 Rxb4 31. fxe3 Re4 32. Qf2 Rcxe3 33. Rb5 Qe7 34. Rf1 Re1 35. Rb1 Rxb1 36. Rxb1 Re2 37. Qd4 Rxc2 38. Qd3 Ra2 39. Bb5 Qe5 40. Bc6 Nc4 41. Bd7 Qf6 42. Rf1 Qb2 0-1

[Event "29th Czech Open A 2018"]
[Site "Pardubice CZE"]
[Date "2018.07.25"]
[EventDate "?"]
[Round "6.45"]
[Result "0-1"]
[White "Sabukhi Gurbanov"]
[Black "D Gukesh"]
[WhiteElo "2305"]
[BlackElo "2433"]
[PlyCount "98"]

1. d4 Nf6 2. Bf4 d5 3. Nc3 g6 4. Qd2 Bg7 5. Bh6 Bxh6 6. Qxh6 c5 7. dxc5 Qa5 8. O-O-O Nc6 9. e3 Qxc5 10. Nf3 Bg4 11. Be2 Rc8 12. h3 Bxf3 13. gxf3 e6 14. Kb1 a6 15. Rhg1 Qf8 16. Qh4 Qe7 17. Qh6 Ng8 18. Qf4 Qf6 19. Qd6 Nge7 20. e4 Rd8 21. Qc5 d4 22. Na4 b5 23. Nb6 Qe5 24. Qxe5 Nxe5 25. a4 Rb8 26. a5 N5c6 27. b4 e5 28. f4 f6 29. fxe5 fxe5 30. f4 exf4 31. Bg4 Rd8 32. c3 dxc3 33. Bd7+ Kf7 34. Rc1 Ne5 35. Bg4 h5 36. Bd1 Rd3 37. h4 Rhd8 38. Bb3+ Kf6 39. Rgf1 f3 40. Bd5 Nd7 41. Nxd7+ Rxd7 42. Kc2 Re3 43. Rxf3+ Rxf3 44. e5+ Kxe5 45. Bxf3 Nf5 46. Re1+ Kf4 47. Bh1 Rc7 48. Re8 Kg3 49. Rg8 Nd4+ 0-1

[Event "29th Czech Open A 2018"]
[Site "Pardubice CZE"]
[Date "2018.07.26"]
[EventDate "?"]
[Round "7.34"]
[Result "0-1"]
[White "D Gukesh"]
[Black "Kanan Garayev"]
[WhiteElo "2433"]
[BlackElo "2300"]
[PlyCount "128"]

1. e4 e5 2. Nf3 Nc6 3. g3 Nf6 4. d3 d5 5. exd5 Nxd5 6. Bg2 g6 7. O-O Bg7 8. Bg5 f6 9. Bd2 O-O 10. Re1 Re8 11. Qc1 Be6 12. Bh6 Bxh6 13. Qxh6 Qd7 14. Nc3 Nxc3 15. bxc3 Bd5 16. c4 Bxf3 17. Bxf3 Nd4 18. Bd5+ Kh8 19. Rac1 Rad8 20. Be4 Nf5 21. Qh3 Nd6 22. Qxd7 Rxd7 23. Bg2 c6 24. a4 a5 25. Rb1 Ree7 26. Bh3 f5 27. Re3 Kg7 28. Bg2 Kf6 29. Rbe1 Ne8 30. Rb1 Ng7 31. Rbe1 Ne6 32. h3 Nc5 33. Kf1 Rd4 34. f4 e4 35. Bf3 Nxa4 36. dxe4 fxe4 37. Bxe4 Rxc4 38. Bd3 Rxe3 39. Rxe3 Rc3 40. Ke2 Nc5 41. Kd2 Ra3 42. Re8 a4 43. Ra8 Ke6 44. g4 Nxd3 45. cxd3 b5 46. Re8+ Kd7 47. Rh8 Ra2+ 48. Kc1 Rf2 49. Rxh7+ Kd6 50. Rf7 a3 51. Kb1 b4 52. Rb7 Rxf4 53. Ka2 Rf2+ 54. Kb1 c5 55. h4 Kd5 56. h5 gxh5 57. gxh5 Rh2 58. Rd7+ Kc6 59. Ra7 Rxh5 60. Ra8 Rh2 61. Ra6+ Kd5 62. Ra8 Kd4 63. Ra5 b3 64. Rxa3 Kc3 0-1

[Event "29th Czech Open A 2018"]
[Site "Pardubice CZE"]
[Date "2018.07.27"]
[EventDate "?"]
[Round "8.45"]
[Result "0-1"]
[White "Vladislav Krapivin"]
[Black "D Gukesh"]
[WhiteElo "2310"]
[BlackElo "2433"]
[PlyCount "68"]

1. e4 c5 2. Nc3 Nc6 3. g3 Rb8 4. Bg2 b5 5. a3 g6 6. d3 Bg7 7. Rb1 a5 8. Be3 b4 9. axb4 axb4 10. Nce2 d6 11. Nf3 Nf6 12. h3 Ba6 13. O-O O-O 14. Nd2 Nd7 15. Nc4 Bxc4 16. dxc4 b3 17. cxb3 Qb6 18. Nc1 Na5 19. f4 Rfd8 20. Kh1 Nxb3 21. Ne2 Qb4 22. e5 dxe5 23. f5 Nb6 24. Qc2 Qxc4 25. Nc3 Nd4 26. Qf2 Nxf5 27. Bxc5 Nxg3+ 28. Kg1 Nxf1 29. Bxb6 Nd2 30. Rd1 Rd6 31. Bc5 Ne4 32. Bxe4 Rxd1+ 33. Nxd1 Qxe4 34. Bxe7 Qd4 0-1

[Event "29th Czech Open A 2018"]
[Site "Pardubice CZE"]
[Date "2018.07.28"]
[EventDate "?"]
[Round "9.33"]
[Result "1-0"]
[White "D Gukesh"]
[Black "Kilian Slovak"]
[WhiteElo "2433"]
[BlackElo "2285"]
[PlyCount "104"]

1. Nf3 Nf6 2. g3 g6 3. Bg2 Bg7 4. O-O O-O 5. d4 d6 6. Re1 c5 7. e4 cxd4 8. Nxd4 Qc7 9. Nc3 Nc6 10. Nde2 Rb8 11. a4 a6 12. h3 b5 13. axb5 axb5 14. Bg5 b4 15. Bxf6 exf6 16. Nd5 Qd8 17. Ne3 Qc7 18. Qd2 Ne7 19. Nd4 f5 20. exf5 Bxd4 21. Qxd4 Nxf5 22. Qd2 Nxe3 23. Rxe3 Be6 24. Rc1 Rb5 25. Rd3 Rd8 26. Rd4 Qc5 27. Re1 h5 28. Be4 Kg7 29. h4 b3 30. c3 Ra5 31. Rd1 Ra2 32. Bd5 Bxd5 33. Rxd5 Qc4 34. Rd4 Qe6 35. c4 Qf5 36. Rd5 Qf6 37. Rb1 Re8 38. Rxd6 Qf5 39. Re1 Rxe1+ 40. Qxe1 Kh7 41. Rd2 Ra4 42. Rd4 Ra7 43. Re4 Rd7 44. Qe3 Rd1+ 45. Kg2 Rb1 46. Rf4 Qe6 47. Qc3 Qc6+ 48. Rf3 Rd1 49. Qxb3 Rc1 50. Qb5 Qe4 51. Qd7 Rxc4 52. Qxf7+ 1-0

[Event "25th Abu Dhabi Masters"]
[Site "Abu Dhabi UAE"]
[Date "2018.08.07"]
[EventDate "?"]
[Round "1.55"]
[Result "0-1"]
[White "Ian D Thompson"]
[Black "D Gukesh"]
[WhiteElo "2156"]
[BlackElo "2440"]
[PlyCount "62"]

1. c4 e5 2. Nc3 Nc6 3. Nf3 g6 4. d4 exd4 5. Nxd4 Bg7 6. e3 Nge7 7. Be2 O-O 8. O-O Nxd4 9. exd4 d5 10. cxd5 Nxd5 11. Bf3 Be6 12. Ne4 c6 13. Nc5 Bc8 14. Qd2 b6 15. Na4 Be6 16. b3 Qd7 17. Bb2 Rfd8 18. h3 Ne7 19. Rfd1 Rac8 20. g4 c5 21. Nc3 cxd4 22. Ne4 f5 23. Ng5 Bd5 24. Bxd4 Be4 25. Bxe4 Bxd4 26. Bf3 h6 27. gxf5 hxg5 28. fxg6 Qxh3 29. Qe2 Nxg6 30. Qe4 Qg3+ 31. Kh1 Qh4+ 0-1

[Event "25th Abu Dhabi Masters"]
[Site "Abu Dhabi UAE"]
[Date "2018.08.08"]
[EventDate "?"]
[Round "2.10"]
[Result "1/2-1/2"]
[White "D Gukesh"]
[Black "Vladimir Akopian"]
[WhiteElo "2440"]
[BlackElo "2655"]
[PlyCount "84"]

1. Nf3 Nf6 2. g3 b5 3. Bg2 Bb7 4. O-O e6 5. d3 c5 6. e4 d6 7. a4 b4 8. Nbd2 Be7 9. e5 dxe5 10. Nxe5 Bxg2 11. Kxg2 Qd5+ 12. Qf3 Nfd7 13. Re1 Qxf3+ 14. Ndxf3 Nxe5 15. Nxe5 f6 16. Nc4 Kf7 17. Be3 Nc6 18. f4 Rad8 19. b3 h6 20. Re2 g5 21. Rf1 gxf4 22. Bxf4 Nd4 23. Ref2 h5 24. Be3 Nf5 25. Re2 Rdg8 26. Kh3 Rg4 27. Rf4 Rhg8 28. Rxg4 hxg4+ 29. Kg2 e5 30. Bf2 Ke6 31. Re4 Nd6 32. Nxd6 Kxd6 33. h3 f5 34. Rc4 gxh3+ 35. Kxh3 Kd5 36. g4 f4 37. Re4 a6 38. Rc4 Rg7 39. Re4 Rh7+ 40. Kg2 Bh4 41. Bg1 Be7 42. Bf2 1/2-1/2

[Event "25th Abu Dhabi Masters"]
[Site "Abu Dhabi UAE"]
[Date "2018.08.09"]
[EventDate "?"]
[Round "3.15"]
[Result "1/2-1/2"]
[White "Mircea Emilian Parligras"]
[Black "D Gukesh"]
[WhiteElo "2645"]
[BlackElo "2440"]
[PlyCount "88"]

1. e4 c6 2. Nc3 d5 3. Nf3 dxe4 4. Nxe4 Nf6 5. Qe2 Qd5 6. Nc3 Qe6 7. b4 g6 8. Bb2 Bg7 9. Qxe6 Bxe6 10. Ne4 Nbd7 11. Nxf6+ Nxf6 12. Nd4 Nd5 13. a3 Bd7 14. Rb1 O-O 15. Bc4 Nb6 16. Bb3 a5 17. O-O axb4 18. axb4 Na4 19. Ba1 c5 20. Nf3 Bxa1 21. Rxa1 cxb4 22. Ne5 Bb5 23. Rfb1 e6 24. Ba2 Rfd8 25. Rxb4 Nc3 26. dxc3 Rxa2 27. Rbb1 Rxa1 28. Rxa1 Rd2 29. c4 Ba6 30. f3 Re2 31. Ra5 Rxc2 32. Rc5 f6 33. Rc8+ Kg7 34. Rc7+ Kf8 35. Rf7+ Kg8 36. Rxf6 Bxc4 37. g4 Bd5 38. g5 Rc7 39. Rf4 b5 40. Ng4 Rb7 41. Nf6+ Kg7 42. Ne8+ Kg8 43. Nf6+ Kg7 44. Ne8+ 1/2-1/2

[Event "25th Abu Dhabi Masters"]
[Site "Abu Dhabi UAE"]
[Date "2018.08.11"]
[EventDate "?"]
[Round "5.23"]
[Result "1-0"]
[White "Alexandr Fier"]
[Black "D Gukesh"]
[WhiteElo "2561"]
[BlackElo "2440"]
[PlyCount "64"]

1. e4 c6 2. d4 d5 3. e5 Bf5 4. h4 h6 5. g4 Bd7 6. Nc3 e6 7. Be3 h5 8. gxh5 Nh6 9. Bh3 Qb6 10. Qd2 Qxb2 11. Rb1 Qa3 12. Rxb7 Bb4 13. Nge2 Bc8 14. Rxb4 Qxb4 15. Rg1 Qf8 16. Na4 Nd7 17. Qc3 Bb7 18. Bc1 O-O-O 19. Ba3 Qe8 20. Qa5 Nb6 21. Nec3 Nc4 22. Qxa7 Nxa3 23. Nc5 Qe7 24. Qxa3 Qxh4 25. Qa7 Rd7 26. Nxd7 Qxh3 27. Na4 Qh2 28. Qb8+ Kxd7 29. Nc5+ Ke7 30. Qd6+ Ke8 31. Qd7+ Kf8 32. Qd8# 1-0

[Event "25th Abu Dhabi Masters"]
[Site "Abu Dhabi UAE"]
[Date "2018.08.11"]
[EventDate "?"]
[Round "4.20"]
[Result "1/2-1/2"]
[White "D Gukesh"]
[Black "Murali Karthikeyan"]
[WhiteElo "2440"]
[BlackElo "2609"]
[PlyCount "120"]

1. Nf3 Nf6 2. g3 c5 3. Bg2 Nc6 4. O-O e5 5. e4 d6 6. Re1 Be7 7. c3 O-O 8. h3 Be6 9. d4 exd4 10. cxd4 d5 11. exd5 Nxd5 12. dxc5 Ndb4 13. Nc3 Nd3 14. Re2 Nxc1 15. Rxc1 Bxc5 16. Rd2 Qa5 17. a3 Rad8 18. b4 Bxf2+ 19. Kxf2 Qb6+ 20. Kf1 Bc4+ 21. Ne2 Ba6 22. Rc5 Rfe8 23. Ng1 Ne7 24. Rxd8 Rxd8 25. Qc2 Qf6+ 26. Ke1 b6 27. Rc7 Nf5 28. Qc3 Qe6 29. Rxa7 Bxe2 30. Nxe2 Ne3 31. Qc6 Rd1+ 32. Kf2 Rf1+ 33. Bxf1 Qxc6 34. Kxe3 g6 35. Kf2 Qf6+ 36. Kg1 Qf3 37. g4 f5 38. gxf5 gxf5 39. Rd7 Qe3+ 40. Kg2 f4 41. Ng1 Qg3+ 42. Kh1 Qxa3 43. b5 Qc1 44. Bg2 Qb1 45. Bc6 f3 46. Rd2 Qf1 47. Bxf3 Qxb5 48. Bd5+ Kh8 49. Nf3 Qc5 50. Kg2 b5 51. Be4 Qe7 52. Bf5 Qf6 53. Rd5 b4 54. Rb5 Qb2+ 55. Kg3 Qg7+ 56. Kf2 Qa7+ 57. Kg3 Qc7+ 58. Kg2 Qg7+ 59. Kf2 Qa7+ 60. Kg3 Qg7+ 1/2-1/2

[Event "25th Abu Dhabi Masters"]
[Site "Abu Dhabi UAE"]
[Date "2018.08.12"]
[EventDate "?"]
[Round "6.37"]
[Result "1-0"]
[White "D Gukesh"]
[Black "Ghosh Aronyak"]
[WhiteElo "2440"]
[BlackElo "2318"]
[PlyCount "130"]

1. Nf3 c5 2. c4 Nc6 3. Nc3 g6 4. e3 Nf6 5. d4 cxd4 6. exd4 d5 7. cxd5 Nxd5 8. Qb3 Nxc3 9. Bc4 Nd5 10. Bxd5 e6 11. Bxc6+ bxc6 12. O-O Qd5 13. Be3 Qxb3 14. axb3 f6 15. Rfc1 Bb7 16. Nd2 Bd6 17. Nc4 Kd7 18. Ra4 Bc7 19. Rca1 a6 20. Nd2 Rhb8 21. Ne4 Ke7 22. Rc1 a5 23. Bd2 Rd8 24. Nc5 Ba6 25. Bxa5 Bxa5 26. Rxa5 Bb5 27. b4 Rxa5 28. bxa5 Rxd4 29. a6 Rd8 30. f4 Ra8 31. Rd1 Bxa6 32. Rd7+ Kf8 33. Nxe6+ Kg8 34. Nc7 Ra7 35. Ne8 Rxd7 36. Nxf6+ Kf7 37. Nxd7 Bb5 38. Kf2 Ke7 39. Ne5 Kd6 40. Ke3 Ke6 41. h4 Bf1 42. g4 Bg2 43. Nf3 h5 44. gxh5 gxh5 45. Nd4+ Kd5 46. Nf5 Bh3 47. Ng3 Bg4 48. Ne4 Ke6 49. Nf2 Bf5 50. Ne4 Bg4 51. b4 Bf5 52. Ng3 Bg4 53. Kd4 Bd1 54. f5+ Kd6 55. Ne4+ Ke7 56. Ke5 Kf7 57. Ng5+ Ke7 58. f6+ Kf8 59. Ne6+ Ke8 60. Nd4 Ba4 61. Ke6 Kf8 62. f7 Bd1 63. Kf6 Bb3 64. Nxb3 c5 65. b5 1-0

[Event "25th Abu Dhabi Masters"]
[Site "Abu Dhabi UAE"]
[Date "2018.08.14"]
[EventDate "?"]
[Round "8.39"]
[Result "1-0"]
[White "D Gukesh"]
[Black "Rout Padmini"]
[WhiteElo "2440"]
[BlackElo "2338"]
[PlyCount "140"]

1. Nf3 c5 2. c4 Nc6 3. Nc3 e5 4. e3 Nf6 5. d4 e4 6. Ne5 Bd6 7. Ng4 cxd4 8. exd4 Nxg4 9. Qxg4 O-O 10. Bh6 Qf6 11. Be3 Bb4 12. Qxe4 d5 13. cxd5 Bf5 14. Qf4 Bd6 15. Ne4 Bb4+ 16. Kd1 Qg6 17. Bd3 Ne7 18. d6 Bxd6 19. Qxd6 Qxd6 20. Nxd6 Bxd3 21. Nxb7 Be4 22. Nc5 Bxg2 23. Rg1 Bf3+ 24. Kd2 f6 25. b4 Nf5 26. a4 Rfe8 27. Rge1 a6 28. Kd3 Reb8 29. Reb1 Kf7 30. Bd2 Ne7 31. Bc3 Nd5 32. Bd2 g5 33. Kc4 Nb6+ 34. Kc3 Nd5+ 35. Kb3 h5 36. Ka3 h4 37. Re1 Nb6 38. Kb3 Nd5 39. Rab1 h3 40. a5 Nc7 41. Re3 Nb5 42. Kc4 Nd6+ 43. Kd3 Bg4 44. Rbe1 Bf5+ 45. Kc3 Nb5+ 46. Kc4 Ra7 47. d5 Rd8 48. Rd1 Rc7 49. Be1 Bc8 50. f3 Nd6+ 51. Kb3 Nf5 52. Red3 Re7 53. Bf2 Bd7 54. R3d2 Bb5 55. d6 Re2 56. Ne4 Rxd2 57. Rxd2 Bc6 58. Bb6 Rd7 59. Bc5 Nh4 60. Rf2 g4 61. b5 axb5 62. a6 Nxf3 63. Ng3 Ke6 64. a7 Ne5 65. Nh5 f5 66. Re2 g3 67. Nf4+ Kf7 68. hxg3 Rxa7 69. Bxa7 Bg2 70. Nxh3 1-0

[Event "25th Abu Dhabi Masters"]
[Site "Abu Dhabi UAE"]
[Date "2018.08.15"]
[EventDate "?"]
[Round "9.24"]
[Result "1/2-1/2"]
[White "Constantin Lupulescu"]
[Black "D Gukesh"]
[WhiteElo "2619"]
[BlackElo "2440"]
[PlyCount "138"]

1. e4 c6 2. d4 d5 3. exd5 cxd5 4. Nf3 Nf6 5. Ne5 g6 6. Bb5+ Nbd7 7. O-O Bg7 8. Nf3 O-O 9. Re1 a6 10. Bd3 Nb8 11. c3 Nc6 12. Bf4 Bf5 13. Bxf5 gxf5 14. Ne5 Ne4 15. f3 Nxe5 16. Bxe5 Nd6 17. Qe2 e6 18. Nd2 Re8 19. Nf1 f6 20. Bxd6 Qxd6 21. Ng3 f4 22. Nh5 e5 23. Qd3 Qd7 24. Re2 Qb5 25. Qd2 exd4 26. Rxe8+ Rxe8 27. Qxd4 Qxb2 28. Qxd5+ Kh8 29. Rd1 Qxc3 30. h3 Rf8 31. Nxg7 Kxg7 32. Qxb7+ Kh6 33. Qxa6 Rg8 34. Qd3 Qc5+ 35. Qd4 Qg5 36. Qf2 Ra8 37. Rd6 Rxa2 38. Rxf6+ Qxf6 39. Qxa2 Qe5 40. Qd2 Kg6 41. Qd3+ Kg7 42. Qd7+ Kg6 43. Kh2 h5 44. h4 Qf6 45. Kh3 Qf5+ 46. Qxf5+ Kxf5 47. g4+ fxg3 48. Kxg3 Ke5 49. Kg2 Kd4 50. Kf2 Kd3 51. Kf1 Ke3 52. Kg2 Kd4 53. Kf2 Kd3 54. f4 Ke4 55. Kg3 Kd5 56. Kf3 Kd4 57. f5 Ke5 58. f6 Kxf6 59. Kf4 Kg6 60. Ke5 Kg7 61. Kf5 Kf7 62. Kg5 Kg7 63. Kxh5 Kh7 64. Kg5 Kg7 65. h5 Kh7 66. h6 Kh8 67. Kg6 Kg8 68. h7+ Kh8 69. Kh6 1/2-1/2

[Event "20th Sants Open 2018"]
[Site "Barcelona ESP"]
[Date "2018.08.18"]
[EventDate "?"]
[Round "2.40"]
[Result "1/2-1/2"]
[White "D Gukesh"]
[Black "Viktoria Chernyak"]
[WhiteElo "2440"]
[BlackElo "2206"]
[PlyCount "74"]

1. Nf3 d5 2. g3 Nf6 3. Bg2 c5 4. O-O e6 5. d4 cxd4 6. Nxd4 e5 7. Nb3 Be6 8. Bg5 Nbd7 9. Nc3 d4 10. Nd5 Nb6 11. Nxb6 Qxb6 12. e3 dxe3 13. Bxe3 Qc7 14. Qd3 a6 15. Rfd1 Be7 16. Qc3 Qxc3 17. bxc3 Rc8 18. Bxb7 Rxc3 19. Bxa6 O-O 20. Bd3 e4 21. Bb5 Ng4 22. Bd4 Rxc2 23. Rdc1 Rfc8 24. Rxc2 Rxc2 25. h3 Nf6 26. Bf1 Nd7 27. h4 f5 28. Nc1 Ba3 29. Nb3 Kf7 30. Bb5 Nf6 31. Ba7 Rc7 32. Be3 Ng4 33. Bc1 Ra7 34. Bxa3 Rxa3 35. Nd4 Rxa2 36. Rxa2 Bxa2 37. Nxf5 Kf6 1/2-1/2

[Event "20th Sants Open 2018"]
[Site "Barcelona ESP"]
[Date "2018.08.23"]
[EventDate "?"]
[Round "7.12"]
[Result "1-0"]
[White "Dmitry Svetushkin"]
[Black "D Gukesh"]
[WhiteElo "2580"]
[BlackElo "2440"]
[PlyCount "114"]

1. e4 c6 2. d4 d5 3. e5 Bf5 4. Nf3 e6 5. Be2 Ne7 6. c3 Nd7 7. O-O h6 8. Nbd2 c5 9. dxc5 Nxc5 10. Nd4 Nd7 11. f4 Bh7 12. Bh5 Qb6 13. a4 Nc6 14. Nb3 Nc5 15. a5 Qc7 16. Be3 Nxb3 17. Nxe6 Qc8 18. Nxf8 Nxa1 19. Nxh7 Qf5 20. e6 O-O-O 21. Bg4 Qe4 22. exf7+ Kb8 23. Bc5 Qxh7 24. Qxa1 Qg6 25. f8=Q Rhxf8 26. Bxf8 Rxf8 27. Qd1 Qd6 28. a6 Rxf4 29. Rxf4 Qxf4 30. axb7 Ne5 31. Be2 Qe3+ 32. Kh1 Qc5 33. Ba6 Qc6 34. Qd4 Qxa6 35. Qxe5+ Kxb7 36. Qxd5+ Kc7 37. Qf7+ Kc8 38. Qg8+ Kc7 39. Qxg7+ Kc8 40. Qg4+ Kc7 41. Qf4+ Kc8 42. Qg4+ Kc7 43. Qd1 Qb5 44. Qc1 h5 45. h3 Qe5 46. Qg1 Kb7 47. Qd4 Qe1+ 48. Kh2 h4 49. Qf4 Kc6 50. Qb8 a5 51. b3 Kd5 52. Qc7 Ke6 53. c4 Qc3 54. Qc6+ Ke5 55. Qd5+ Kf4 56. Qf3+ Qxf3 57. gxf3 1-0

[Event "20th Trieste Open 2018"]
[Site "Trieste ITA"]
[Date "2018.09.01"]
[EventDate "?"]
[Round "1.12"]
[Result "1-0"]
[White "D Gukesh"]
[Black "Andrea Bevilacqua"]
[WhiteElo "2453"]
[BlackElo "2127"]
[PlyCount "86"]

1. Nf3 d6 2. d4 g6 3. g3 Bg7 4. Bg2 Nf6 5. O-O O-O 6. Re1 c6 7. e4 Na6 8. Nc3 Re8 9. h3 Qc7 10. e5 Nd5 11. Nxd5 cxd5 12. Bf4 Bf5 13. c3 Qb6 14. Qb3 Qxb3 15. axb3 Be4 16. exd6 e6 17. b4 Red8 18. b5 Nb8 19. c4 Bxf3 20. Bxf3 Bxd4 21. cxd5 e5 22. Bxe5 Bxe5 23. Rxe5 Nd7 24. Re7 Nb6 25. Rxb7 Rxd6 26. Raxa7 Rxa7 27. Rxa7 Kg7 28. Rc7 Kf6 29. Kf1 h5 30. Ke2 Nd7 31. Ke3 Ke5 32. Bg2 g5 33. Rc6 g4 34. hxg4 hxg4 35. b3 Rg6 36. Rxg6 fxg6 37. Kd3 Kd6 38. Kc4 Kc7 39. Be4 Kd6 40. Kd4 Nc5 41. b4 Nb3+ 42. Kc3 Nc1 43. b6 1-0

[Event "20th Trieste Open 2018"]
[Site "Trieste ITA"]
[Date "2018.09.02"]
[EventDate "?"]
[Round "3.4"]
[Result "1/2-1/2"]
[White "D Gukesh"]
[Black "Denis Rombaldoni"]
[WhiteElo "2453"]
[BlackElo "2498"]
[PlyCount "90"]

1. Nf3 d5 2. g3 Nc6 3. d4 Bf5 4. Bg2 Nb4 5. Na3 e6 6. c3 Na6 7. Nb1 h6 8. O-O Nf6 9. Bf4 Bd6 10. Qb3 Rb8 11. Bxd6 Qxd6 12. c4 dxc4 13. Qxc4 b5 14. Qc1 c5 15. Nc3 O-O 16. a4 b4 17. Nb5 Qb6 18. Ne5 cxd4 19. Nc6 d3 20. Nxb8 dxe2 21. Re1 Nxb8 22. Rxe2 Nd5 23. Bxd5 exd5 24. Qc7 Qxc7 25. Nxc7 d4 26. Nd5 Nc6 27. Ne7+ Nxe7 28. Rxe7 d3 29. Rd1 Rc8 30. g4 Bxg4 31. Rxd3 a5 32. Re5 Rc2 33. b3 Rb2 34. Rxa5 Be6 35. Rb5 Bxb3 36. a5 Be6 37. Rd4 b3 38. Rdb4 Ra2 39. h4 g6 40. Rb8+ Kg7 41. R8b5 Bd7 42. Rb7 Bf5 43. R7b5 Bd7 44. Rd5 Bf5 45. Rdb5 Bd7 1/2-1/2

[Event "20th Trieste Open 2018"]
[Site "Trieste ITA"]
[Date "2018.09.02"]
[EventDate "?"]
[Round "2.11"]
[Result "0-1"]
[White "Marco Massironi"]
[Black "D Gukesh"]
[WhiteElo "2211"]
[BlackElo "2453"]
[PlyCount "62"]

1. e4 c6 2. d4 d5 3. Nc3 dxe4 4. Nxe4 Nf6 5. Nxf6+ exf6 6. c3 Bd6 7. Bd3 O-O 8. Qc2 Re8+ 9. Ne2 h5 10. Be3 Nd7 11. O-O-O Nf8 12. h3 h4 13. Rhe1 g6 14. c4 Bd7 15. Nc3 f5 16. c5 Be7 17. Bc4 Ne6 18. d5 Nxc5 19. dxc6 bxc6 20. Qd2 Be6 21. Qxd8 Raxd8 22. Rxd8 Rxd8 23. Bxc5 Bg5+ 24. Be3 Bxe3+ 25. Rxe3 Bxc4 26. g3 hxg3 27. fxg3 Kg7 28. h4 Kf6 29. b3 Ba6 30. Kc2 Rd4 31. Nd1 f4 0-1

[Event "20th Trieste Open 2018"]
[Site "Trieste ITA"]
[Date "2018.09.03"]
[EventDate "?"]
[Round "4.1"]
[Result "1-0"]
[White "Sergei Tiviakov"]
[Black "D Gukesh"]
[WhiteElo "2604"]
[BlackElo "2453"]
[PlyCount "122"]

1. e4 c6 2. d4 d5 3. Nd2 dxe4 4. Nxe4 Nf6 5. Nxf6+ exf6 6. c3 Bd6 7. Bd3 O-O 8. Ne2 Re8 9. Qc2 f5 10. Bxf5 Bxf5 11. Qxf5 Nd7 12. Qf3 Qf6 13. Qxf6 Nxf6 14. Kf1 Re6 15. Bd2 Ne4 16. Be3 Rae8 17. Re1 g5 18. g3 f5 19. d5 R6e7 20. dxc6 bxc6 21. Rd1 Bc7 22. Nd4 Rf7 23. Bc1 f4 24. g4 Bb6 25. f3 Bxd4 26. Rxd4 Nf6 27. h4 h6 28. hxg5 hxg5 29. Bd2 Rfe7 30. Rh2 Nd5 31. Rh5 Re5 32. c4 Nf6 33. Rh2 Kf7 34. Rd6 R8e6 35. Rxe6 Rxe6 36. Re2 Rd6 37. Bb4 Re6 38. Rxe6 Kxe6 39. Ke2 Nd7 40. b3 a6 41. Kd3 Ne5+ 42. Ke4 Nd7 43. Ba5 Ne5 44. Bc7 Nf7 45. b4 Kd7 46. Bb8 Ke6 47. a4 Nd8 48. Bc7 Nb7 49. c5 Kd7 50. Bb6 Ke6 51. Kd4 Kf6 52. Kc4 Ke5 53. Bc7+ Ke6 54. Kd4 Kf6 55. Ke4 Ke6 56. Bb6 Kf6 57. b5 cxb5 58. axb5 axb5 59. Kd5 Ke7 60. c6 Nd8 61. c7 1-0

[Event "20th Trieste Open 2018"]
[Site "Trieste ITA"]
[Date "2018.09.04"]
[EventDate "?"]
[Round "5.9"]
[Result "1/2-1/2"]
[White "D Gukesh"]
[Black "Alessandro Bove"]
[WhiteElo "2453"]
[BlackElo "2317"]
[PlyCount "134"]

1. Nf3 Nf6 2. g3 g6 3. Bg2 Bg7 4. O-O O-O 5. d4 a6 6. Nbd2 Nc6 7. e4 d5 8. exd5 Qxd5 9. c4 Qh5 10. d5 Nb4 11. Qb3 a5 12. a3 Na6 13. Re1 Nc5 14. Qe3 b6 15. Qxe7 Bd7 16. Re5 Rfe8 17. Rxh5 Rxe7 18. Re5 Rae8 19. Rxe7 Rxe7 20. b4 Nd3 21. Rb1 Ng4 22. bxa5 bxa5 23. Bh3 Ndxf2 24. Bf1 Nd1 25. Rb8+ Re8 26. Rb7 Nc3 27. Rxc7 Bf5 28. Nb3 Ne2+ 29. Bxe2 Rxe2 30. d6 a4 31. Nbd2 Ne5 32. Re7 Nxf3+ 33. Nxf3 Rxe7 34. dxe7 Bd7 35. Bd2 Bb2 36. Bb4 f6 37. Kf2 Kf7 38. Ke3 Be6 39. Kd3 Bf5+ 40. Kd2 Bg4 41. Ne1 Be6 42. Nd3 Bd4 43. Bc3 Bg1 44. Bxf6 Bxh2 45. Nc5 Bxc4 46. Ne4 Bb5 47. Bh4 Ke6 48. Ng5+ Kd6 49. Nf3 h6 50. Nxh2 g5 51. Ng4 gxh4 52. gxh4 Kxe7 53. Nxh6 Bd7 54. Ke3 Kf6 55. Kf4 Kg6 56. Ng8 Kf7 57. Nh6+ Kg6 58. Ng4 Bxg4 59. Kxg4 Kh6 60. h5 Kh7 61. Kg5 Kg7 62. Kf5 Kh6 63. Ke5 Kxh5 64. Kd5 Kg6 65. Kc6 Kf7 66. Kb5 Ke7 67. Kxa4 Kd7 1/2-1/2

[Event "20th Trieste Open 2018"]
[Site "Trieste ITA"]
[Date "2018.09.05"]
[EventDate "?"]
[Round "6.10"]
[Result "1-0"]
[White "D Gukesh"]
[Black "Erik Ronka"]
[WhiteElo "2453"]
[BlackElo "2277"]
[PlyCount "74"]

1. Nf3 g6 2. g3 Bg7 3. d4 Nf6 4. Bg2 O-O 5. O-O d6 6. Re1 Nbd7 7. e4 e5 8. Nc3 c6 9. a4 Re8 10. h3 Qc7 11. Be3 b6 12. Qd2 Bb7 13. Bh6 Bh8 14. Rad1 a6 15. dxe5 dxe5 16. Qe3 b5 17. Nd2 Rad8 18. Nb3 b4 19. Na2 c5 20. Nd2 a5 21. b3 Nb6 22. c3 Rd6 23. cxb4 axb4 24. Rc1 Rd4 25. Nf3 Rxe4 26. Qxc5 Rxe1+ 27. Nxe1 Qxc5 28. Rxc5 Bd5 29. a5 Bxb3 30. axb6 Bxa2 31. b7 Be6 32. Ra5 Nd7 33. Bc6 b3 34. Ra8 Nb8 35. Bxe8 b2 36. Rxb8 b1=Q 37. Bd7# 1-0